princples of educationai leadership (Record no. 20329)

MARC details
000 -LEADER
fixed length control field 00393nam a22001697a 4500
003 - CONTROL NUMBER IDENTIFIER
control field OSt
005 - DATE AND TIME OF LATEST TRANSACTION
control field 20211126101913.0
008 - FIXED-LENGTH DATA ELEMENTS--GENERAL INFORMATION
fixed length control field 211126b |||||||| |||| 00| 0 eng d
020 ## - INTERNATIONAL STANDARD BOOK NUMBER
International Standard Book Number 9781832406491
040 ## - CATALOGING SOURCE
Transcribing agency hu
082 ## - DEWEY DECIMAL CLASSIFICATION NUMBER
Classification number 371.2
100 ## - MAIN ENTRY--PERSONAL NAME
Personal name jayson bird
9 (RLIN) 20738
245 ## - TITLE STATEMENT
Title princples of educationai leadership
260 ## - PUBLICATION, DISTRIBUTION, ETC.
Place of publication, distribution, etc. usa
Name of publisher, distributor, etc. hall
Date of publication, distribution, etc. 2018
300 ## - PHYSICAL DESCRIPTION
Extent 200
942 ## - ADDED ENTRY ELEMENTS (KOHA)
Source of classification or shelving scheme Dewey Decimal Classification
Koha item type Books like text book referance book
Suppress in OPAC No
Holdings
Withdrawn status Lost status Source of classification or shelving scheme Damaged status Not for loan Home library Current library Shelving location Date acquired Total Checkouts Full call number Barcode Date last seen Copy number Price effective from Koha item type
    Dewey Decimal Classification     Social Library Social Library General Stacks 11/26/2021   371.2/pri SHLIB00012011 11/26/2021 c1 11/26/2021 Books like text book referance book
    Dewey Decimal Classification     Social Library Social Library General Stacks 11/26/2021   371.2/pri SHLIB00012012 11/26/2021 c2 11/26/2021 Books like text book referance book
    Dewey Decimal Classification     Social Library Social Library General Stacks 11/26/2021   371.2/pri SHLIB000120009 11/26/2021 c3 11/26/2021 Books like text book referance book
    Dewey Decimal Classification     Social Library Social Library General Stacks 11/26/2021   371.2/pri SHLIB00012010 11/26/2021 c4 11/26/2021 Books like text book referance book